00000000nam##2200000za#4500
0019.649402
003CaOODSP
00520210615113703
007ta
008150407|2004||||xxc|||||     f|0| 0 eng|d
040 |aCaOODSP|beng
043 |an-cn---
0861 |aRC31-22/2004E
1101 |aCanada.|bIndian Claims Commission.
24510|aReport on the mediation of the Moosomin First Nation 1909 reserve land surrender
2461 |aMoosomin First Nationa. Report on: 1909 Reserve Land Surrender (Mediation)
260 |aOttawa - Ontario : |bIndian Claims Commission |c2004.
300 |a14p. : |bmap, references ; |c28 cm.
5203 |aThis report contains a brief summary of the history of the Moosomin First Nation 1909 Reserve land surrender claim and a review of the negotiations that led to a final agreement in September 2003. The claim, which was formally submitted in July 1986, asserted that the 1909 surrender of reserve land was invalid on the basis that the Moosomin First Nation did not agree to the surrender and that the sale of the lands was never in its best interest.
563 |aSpiral binding
590 |a04-38|b2004-09-17
69007|aIndigenous peoples|2gcpds
69007|aLand claims|2gcpds
77508|tRapport de médiation sur la revendication de la Première Nation de Moosomin relative à la cession de terres de réserve de 1909 |w(CaOODSP)9.682600
7760#|tReport on the mediation of the Moosomin First Nation 1909 reserve land surrender |w(CaOODSP)9.687139